000 00320nam a22001217a 4500
020 _a8122405169
082 _222
_a627.042
100 _aLikhi, S. K.
245 _aHydraulics:
_bLaboratory manual /
260 _aNew Delhi,
_bNew Age International,
_cc2006.
300 _ax, 95 p. ;
_bill. ;
_c24 cm.
942 _2ddc
_cCIVIL
_04
999 _c1057
_d1057